Normal view
MARC view
- Surgical nursing
Entry Topical Term
001 - CONTROL NUMBER
- control field: 36117
003 - CONTROL NUMBER IDENTIFIER
- control field: OSt
005 - DATE AND TIME OF LATEST TRANSACTION
- control field: 20141116150217.0
008 - FIXED-LENGTH DATA ELEMENTS
- fixed length control field: 140929|| aca||babn | a|a d
040 ## - CATALOGING SOURCE
- Original cataloging agency: OSt
150 ## - HEADING--TOPICAL TERM
- Topical term or geographic name as entry element: Surgical nursing
450 ## - SEE FROM TRACING--TOPICAL TERM
- Topical term or geographic name entry element: Surgical diseases
- General subdivision: Nursing
550 ## - SEE ALSO FROM TRACING--TOPICAL TERM
- Topical term or geographic name entry element: Nursing